000 00579nam a2200193 a 4500
001 12780
003 BD-JhCC
005 20230512193536.0
008 230512s2019 ||| |||| |||| 000 0 eng d
035 _a(BD-JhCC)12780
040 _aBD-JhCC
_dBD-JhCC
041 _aeng
082 _a495.183421
_bCHI 2019
110 _aDaily Language Learning
245 _aChinese phrase book :
_bover 1000 essential mandarin phrase you don't want to be without on your trip to china /
_cDaily Language Learning
300 _a146 p. :
_c22 cm.
650 _aChinese language
942 _2ddc
_cBK
999 _c12780
_d12780